| 000 | 00726cam a2200253 4500500 | ||
|---|---|---|---|
| 005 | 20260329005514.0 | ||
| 041 | _afre | ||
| 042 | _adc | ||
| 100 | 1 | 0 |
_aEltchaninoff, Michel _eauthor |
| 245 | 0 | 0 | _aLes Ukrainiens ont-ils encore le moral (des troupes) ? |
| 260 | _c2023. | ||
| 500 | _a7 | ||
| 690 | _aClausewitz | ||
| 690 | _aGéopolitique | ||
| 690 | _aGuerre | ||
| 690 | _aMichel Eltchaninoff | ||
| 690 | _aMoral | ||
| 690 | _aRussie | ||
| 690 | _astratégie | ||
| 690 | _aUkraine | ||
| 690 | _aVertu | ||
| 786 | 0 | _nPhilosophie magazine | 175 | 12 | 2023-12-01 | p. 13-13 | 1951-1787 | |
| 856 | 4 | 1 | _uhttps://shs.cairn.info/magazine-philosophie-magazine-2023-12-1-page-13?lang=fr&redirect-ssocas=7080 |
| 999 |
_c1844034 _d1844034 |
||